[Event "Moscow Open 2009 A"]
[Site ""]
[Date "2009.02.03"]
[Round "4.122"]
[White "Guseinov, Elmir"]
[Black "Biryukov, Mikhail"]
[Result "1/2-1/2"]
[WhiteElo "2439"]
[BlackElo "2257"]
[Annotator ""]
[Source ""]
[Remark ""]

1.d4 Nf6 2.Nf3 g6 3.Bg5 Bg7 4.e3 O-O 5.Be2 d6 6.O-O Nbd7 7.c4
c5 8.Nc3 Re8 9.h3 b6 10.a3 Bb7 11.Qc2 a6 12.b4 cxd4 13.exd4 Rc8
14.Qb3 Ne4 15.Nxe4 Bxe4 16.Rfd1 Qc7 17.Rac1 Qb8 18.Nd2 Ba8 19.d5
Nf6 20.Qa4 Qb7 21.Nf1 Ne4 1/2-1/2

[Event "Moscow Open 2009 A"]
[Site ""]
[Date "2009.02.03"]
[Round "4.123"]
[White "Kolmakov, Pavel"]
[Black "Demin, Alexandr"]
[Result "1/2-1/2"]
[WhiteElo "2284"]
[BlackElo "2417"]
[Annotator ""]
[Source ""]
[Remark ""]

1.e4 e5 2.Nf3 Nc6 3.Bb5 Nd4 4.Nxd4 exd4 5.d3 Bc5 6.O-O c6 7.Bc4
d5 8.exd5 cxd5 9.Bb3 Ne7 10.Bg5 O-O 11.Re1 f6 12.Bf4 a5 13.a4
Kh8 14.Qf3 b6 15.Na3 Bd7 16.c3 Bc6 17.cxd4 Bxd4 18.Qe2 Ng6 19.Be3
Be5 20.d4 Bd6 21.Nb5 Bb4 22.Nc3 f5 23.f3 Qd7 24.Bd2 Rfe8 25.Qd1
Rxe1+ 26.Qxe1 Re8 27.Qd1 Re6 28.Bc2 Ne7 29.Ne2 Bd6 30.b3 Qc7
31.g3 h6 32.Bf4 g5 33.Bxd6 Qxd6 34.Qd3 Rf6 35.Rc1 Be8 1/2-1/2

[Event "Moscow Open 2009 A"]
[Site ""]
[Date "2009.02.03"]
[Round "4.124"]
[White "Kotenko, Pavel"]
[Black "Dimukhametov, Artur"]
[Result "1-0"]
[WhiteElo "2398"]
[BlackElo "2250"]
[Annotator ""]
[Source ""]
[Remark ""]

1.e4 c5 2.Nf3 e6 3.d4 cxd4 4.Nxd4 a6 5.Nc3 Qc7 6.Bd3 Nf6 7.O-O
b6 8.Kh1 Bb7 9.f4 Bb4 10.Qe1 Nc6 11.Nf3 Na5 12.Nb5 axb5 13.Qxb4
Ba6 14.Qe1 O-O 15.b3 d5 16.e5 Ne4 17.Ba3 Rfc8 18.Ng5 Bb7 19.Bb2
h6 20.Nf3 Qe7 21.Nd4 Nc6 22.Nxb5 Nb4 23.Nd6 Rxc2 24.Qxb4 Rxb2
25.Qxb6 Rb8 26.Rac1 Nxd6 27.exd6 Qd8 28.Qxd8+ Rxd8 29.Rc7 Rd2
30.Bb5 Rxd6 31.Rxb7 Rxa2 32.Be8 1-0

[Event "Moscow Open 2009 A"]
[Site ""]
[Date "2009.02.03"]
[Round "4.125"]
[White "Meribanov, Vitaly"]
[Black "Agaragimov, Djakhangir"]
[Result "0-1"]
[WhiteElo "2125"]
[BlackElo "2393"]
[Annotator ""]
[Source ""]
[Remark ""]

1.e4 c5 2.Nf3 g6 3.d4 cxd4 4.Nxd4 Bg7 5.c4 Nf6 6.Nc3 Nc6 7.Be3
O-O 8.Be2 d6 9.O-O Bd7 10.Rc1 Nxd4 11.Bxd4 Bc6 12.f3 a5 13.Qd2
Rc8 14.b3 Nd7 15.Nd5 Bxd4+ 16.Qxd4 Bxd5 17.exd5 Qb6 18.Qxb6 Nxb6
19.a4 Rc7 20.Rce1 Nd7 21.f4 Nc5 22.Rf3 Kg7 23.Re3 e6 24.Bf3 Re7
25.g3 Kf6 26.dxe6 fxe6 27.Rd1 Rd7 28.Kf2 Rfd8 29.Rd4 Ra8 30.Ke2
Ra6 31.Kd2 Rc7 32.Kc2 Rb6 33.Bg4 d5 34.Kb2 h5 35.Be2 Rb4 36.Ka3
Rc6 37.Bd1 Ra6 38.Be2 Rab6 39.Bd1 dxc4 40.Rxc4 Rxc4 41.bxc4 Rb4
42.Bb3 Kf7 43.h3 Nxb3 44.Rxb3 Rxb3+ 45.Kxb3 Kf6 46.c5 h4 47.gxh4
Kf5 48.Kc2 Kxf4 0-1

[Event "Moscow Open 2009 A"]
[Site ""]
[Date "2009.02.03"]
[Round "4.126"]
[White "Bogachkov, Igor"]
[Black "Ezhikov, Vitaly"]
[Result "1-0"]
[WhiteElo "2324"]
[BlackElo "2136"]
[Annotator ""]
[Source ""]
[Remark ""]

1.e4 c6 2.d4 d5 3.e5 Bf5 4.h4 h6 5.g4 Be4 6.f3 Bg6 7.h5 Bh7 8.e6
Qd6 9.exf7+ Kxf7 10.f4 Qe6+ 11.Be2 Qe4 12.Nf3 Qxc2 13.Qxc2 Bxc2
14.f5 Nf6 15.Bf4 e6 16.Ne5+ Ke8 17.Ng6 Bb4+ 18.Bd2 Bxd2+ 19.Nxd2
Rg8 20.Rc1 Be4 21.Nxe4 Nxe4 22.fxe6 Ng5 23.O-O Nxe6 24.Rfe1 Kd8
25.Ba6 Nxa6 26.Rxe6 Rc8 27.Rf1 b6 28.Rf7 Rc7 29.Ree7 Rxe7 30.Rxe7
Nc7 31.Kg2 a5 32.Kg3 b5 33.Rf7 a4 34.Ne5 Ne6 35.Nxc6+ 1-0

[Event "Moscow Open 2009 A"]
[Site ""]
[Date "2009.02.03"]
[Round "4.127"]
[White "Gorin, Alexandr"]
[Black "Oganisjn, Roman"]
[Result "0-1"]
[WhiteElo "2004"]
[BlackElo "2321"]
[Annotator ""]
[Source ""]
[Remark ""]

1.d4 e6 2.Nf3 Nf6 3.Bg5 c5 4.Bxf6 Qxf6 5.e3 Nc6 6.c3 d5 7.Bd3
g5 8.Nbd2 Bd7 9.Bb5 cxd4 10.exd4 Bd6 11.Bxc6 bxc6 12.O-O Qh6
13.Re1 f6 14.g3 Qg7 15.Qa4 O-O 16.c4 g4 17.Nh4 Rfb8 18.Qc2 f5
19.Nb3 a5 20.cxd5 cxd5 21.Nc5 Rc8 22.Red1 Rab8 23.Rac1 Bxc5 24.dxc5
Rxb2 25.Qd3 Rxa2 26.Nxf5 Qf6 27.c6 Rxc6 28.Rxc6 Bxc6 29.Qb1 Qb2
30.Qc1 exf5 0-1

[Event "Moscow Open 2009 A"]
[Site ""]
[Date "2009.02.03"]
[Round "4.128"]
[White "Nikitin, Yuri"]
[Black "Mukashev, Assan"]
[Result "1-0"]
[WhiteElo "2319"]
[BlackElo "2071"]
[Annotator ""]
[Source ""]
[Remark ""]

1.e4 e6 2.d4 d5 3.Nd2 Nf6 4.e5 Nfd7 5.c3 c5 6.Bd3 Nc6 7.Ne2 Qb6
8.Nf3 f6 9.exf6 Nxf6 10.O-O Bd6 11.Rb1 cxd4 12.cxd4 O-O 13.Bf4
Bxf4 14.Nxf4 Ne4 15.Nh5 Bd7 16.Ng3 Rf4 17.Bxe4 dxe4 18.Ng5 Nxd4
19.Qh5 h6 20.N5xe4 Raf8 21.Qe5 Nc6 22.Qc5 Qxc5 23.Nxc5 Bc8 24.f3
b6 25.Nce4 e5 26.Rbc1 Nd4 27.Rc7 R4f7 28.Rfc1 Be6 29.Nd6 Rxc7
30.Rxc7 Bxa2 31.Rxa7 Bd5 32.Re7 Ra8 33.Nh5 Ne6 34.Nf5 Kf8 35.Rd7
Bb3 36.Nhxg7 Ra1+ 37.Kf2 Ra2 38.Nxe6+ Bxe6 39.Rd8+ Kf7 40.Nxh6+
Kg7 41.Rd6 Rxb2+ 42.Kg3 Bc8 43.Rc6 Bd7 44.Rc7 Kxh6 45.Rxd7 1-0

[Event "Moscow Open 2009 A"]
[Site ""]
[Date "2009.02.03"]
[Round "4.129"]
[White "Markevich, Arseniy"]
[Black "Prokopchuk, Yury"]
[Result "0-1"]
[WhiteElo "2116"]
[BlackElo "2310"]
[Annotator ""]
[Source ""]
[Remark ""]

1.d4 Nf6 2.Bg5 Ne4 3.Bf4 c5 4.f3 Qa5+ 5.c3 Nf6 6.Nd2 cxd4 7.Nb3
Qf5 8.Bxb8 Rxb8 9.Qxd4 b6 10.e4 Qf4 11.Nh3 Qc7 12.e5 Ng8 13.Bd3
e6 14.f4 Ne7 15.O-O Bb7 16.Ng5 Nc6 17.Qe3 h6 18.Qh3 Be7 19.Qh5
Bxg5 20.fxg5 Nxe5 21.Nd4 g6 22.Qh3 Nxd3 23.Qxd3 hxg5 24.g3 Qe5
25.Rae1 Qd5 26.Rf3 g4 27.c4 Qh5 28.Rf2 O-O 29.Nb5 d5 30.Nxa7
dxc4 31.Qxc4 Qa5 32.b4 Qxa7 0-1

[Event "Moscow Open 2009 A"]
[Site ""]
[Date "2009.02.03"]
[Round "4.130"]
[White "Leontiev, Aleksandr V"]
[Black "Kim, Timur"]
[Result "1-0"]
[WhiteElo "2309"]
[BlackElo "2010"]
[Annotator ""]
[Source ""]
[Remark ""]

1.c4 c5 2.Nf3 Nc6 3.Nc3 g6 4.e3 Bg7 5.d4 cxd4 6.exd4 d6 7.d5
Ne5 8.Nd4 Nf6 9.Be2 O-O 10.O-O a6 11.b3 Nfd7 12.Re1 Re8 13.Bf1
Nf8 14.Bb2 Qc7 15.Qd2 Bd7 16.h3 Rab8 17.Rad1 h5 18.f3 Qc5 19.Qf2
Nh7 20.a4 Rbc8 21.Kh1 Qb6 22.Qd2 Kf8 23.Qf4 Kg8 24.g4 Nf8 25.g5 1-0

[Event "Moscow Open 2009 A"]
[Site ""]
[Date "2009.02.03"]
[Round "4.132"]
[White "Lyubokhiner, Leonid M"]
[Black "Skvortsov, Mikhail S"]
[Result "0-1"]
[WhiteElo "1792"]
[BlackElo "2373"]
[Annotator ""]
[Source ""]
[Remark ""]

1.e4 e6 2.Nc3 d5 3.exd5 exd5 4.d4 Nf6 5.Bd3 c6 6.Nf3 Bd6 7.O-O
O-O 8.h3 Na6 9.a3 Nc7 10.Ne5 c5 11.Be3 cxd4 12.Bxd4 Ne6 13.Nf3
Nf4 14.Be5 Nxh3+ 15.gxh3 Bxh3 16.Bxd6 Qxd6 17.Ne2 Bxf1 18.Qxf1
Ne4 19.Qg2 f5 20.Kf1 Rf6 21.Qh3 Qb6 22.Nfd4 Qxb2 23.Rd1 Raf8
24.f3 Qxa3 25.Ng3 Rh6 26.Qg2 Rg6 27.Bxe4 fxe4 28.Ndf5 Rxf5 0-1

[Event "Moscow Open 2009 A"]
[Site ""]
[Date "2009.02.03"]
[Round "4.133"]
[White "Kapustin, Nikolay"]
[Black "Bobylev, Valentin"]
[Result "0-1"]
[WhiteElo "1678"]
[BlackElo "2186"]
[Annotator ""]
[Source ""]
[Remark ""]

1.Nf3 Nf6 2.b3 g6 3.Bb2 Bg7 4.e3 O-O 5.c4 d6 6.d3 Nc6 7.Be2 e5
8.Nbd2 Qe7 9.Ng5 d5 10.cxd5 Nxd5 11.h4 a5 12.a4 Ndb4 13.O-O Rd8
14.Nde4 h6 15.Nh3 Qxh4 16.f4 Bxh3 17.gxh3 f5 18.Nc5 Qg3+ 19.Kh1
Qxh3+ 20.Kg1 Qxe3+ 21.Kh1 Qxc5 0-1

[Event "Moscow Open 2009 A"]
[Site ""]
[Date "2009.02.04"]
[Round "5.25"]
[White "Pushkov, Nikolai"]
[Black "Vaganian, Rafael A"]
[Result "0-1"]
[WhiteElo "2486"]
[BlackElo "2596"]
[Annotator ""]
[Source ""]
[Remark ""]

1.d4 e6 2.c4 Nf6 3.Nf3 d5 4.Nc3 Be7 5.Bf4 O-O 6.e3 Nbd7 7.a3
dxc4 8.Bxc4 Nb6 9.Bd3 Nbd5 10.Nxd5 exd5 11.h3 a5 12.Qc2 Bd6 13.Bxd6
Qxd6 14.Rc1 c6 15.O-O Re8 16.Ne5 h6 17.Bf5 Bxf5 18.Qxf5 Re7 19.Qf4
Ne8 20.Rfe1 a4 21.Nd3 Qxf4 22.Nxf4 Nd6 23.Re2 g5 24.Nd3 f6 25.Nc5
h5 26.Kf1 h4 27.Ke1 Kf7 28.Kd2 Ke8 29.Kc2 b6 30.Nd3 Kd7 31.Ree1
Nc4 32.Kc3 Kd6 33.Ra1 c5 34.dxc5+ bxc5 35.e4 Ne5 36.exd5 Rb7
37.Nxe5 fxe5 38.Re2 Rb3+ 39.Kc4 Rf8 40.f3 Rf4+ 41.Re4 Rxb2 42.Rd1
Rc2+ 43.Kb5 Rxg2 44.Rde1 Rb2+ 45.Kc4 Rd2 46.Kb5 Rxd5 47.Kxa4
Rxf3 0-1

[Event "Moscow Open 2009 A"]
[Site ""]
[Date "2009.02.04"]
[Round "5.26"]
[White "Yandemirov, Valeri"]
[Black "Ehlvest, Jaan"]
[Result "1/2-1/2"]
[WhiteElo "2474"]
[BlackElo "2595"]
[Annotator ""]
[Source ""]
[Remark ""]

1.e4 g6 2.d4 Bg7 3.Nf3 d6 4.Bc4 Nf6 5.Nc3 O-O 6.O-O Nxe4 7.Nxe4
d5 8.Bd3 dxe4 9.Bxe4 c5 10.dxc5 Qc7 11.c3 Nd7 12.c6 bxc6 13.Qa4
Bb7 14.Be3 Nf6 15.Bc5 Nxe4 16.Qxe4 Rfe8 17.Rfe1 e5 18.Rad1 Qa5
19.b4 Qxa2 20.c4 Rad8 21.Rxd8 Rxd8 22.Nxe5 Re8 23.f4 Qd2 24.Re2
Qd8 25.Qc2 a5 26.Rd2 Qa8 27.bxa5 Qxa5 28.Bd6 c5 29.Kf2 Rd8 30.Rd1
Qb6 31.Be7 Ra8 32.Qd2 h6 33.Qd7 Qb2+ 34.Rd2 Qc3 35.Bf6 Rf8 36.Bxg7
Kxg7 37.h3 Bc8 1/2-1/2

[Event "Moscow Open 2009 A"]
[Site ""]
[Date "2009.02.04"]
[Round "5.27"]
[White "Belov, Igor"]
[Black "Vorobiov, Evgeny E"]
[Result "0-1"]
[WhiteElo "2460"]
[BlackElo "2591"]
[Annotator ""]
[Source ""]
[Remark ""]

1.Nf3 c5 2.c4 Nf6 3.Nc3 d5 4.cxd5 Nxd5 5.d4 Nxc3 6.bxc3 g6 7.e3
Bg7 8.Bb5+ Bd7 9.Bd3 Bc6 10.O-O O-O 11.Qe2 Nd7 12.Rd1 Nb6 13.Rb1
Rc8 14.Bb2 Qc7 15.e4 e6 16.Bb5 Bxb5 17.Qxb5 cxd4 18.cxd4 Qc2
19.Re1 Nc4 20.Bc1 b6 21.Qb3 Na5 22.Qxc2 Rxc2 23.d5 exd5 24.exd5
Rd8 25.Re7 Bf8 26.Rxa7 Rxd5 27.Be3 Nc4 28.Bf4 h6 29.h4 Kg7 30.Ne1
Re2 31.Rc1 Bc5 32.Nd3 Rxd3 33.Rxc4 Re1+ 34.Kh2 Bxf2 35.g3 b5
36.Rcc7 Bxa7 37.Rxa7 Rd5 0-1

[Event "Moscow Open 2009 A"]
[Site ""]
[Date "2009.02.04"]
[Round "5.28"]
[White "Gritsenko, Andrey"]
[Black "Iordachescu, Viorel"]
[Result "0-1"]
[WhiteElo "2403"]
[BlackElo "2584"]
[Annotator ""]
[Source ""]
[Remark ""]

1.e4 e5 2.Nf3 Nc6 3.Bb5 a6 4.Ba4 Nf6 5.O-O Be7 6.Re1 b5 7.Bb3
d6 8.c3 O-O 9.h3 Nb8 10.d4 Nbd7 11.Nbd2 Bb7 12.Bc2 Re8 13.Nf1
Bf8 14.Ng3 c6 15.Bg5 h6 16.Be3 Qc7 17.Nh4 d5 18.dxe5 Nxe5 19.Bf4
c5 20.Nf3 Bd6 21.Nxe5 Bxe5 22.Bxe5 Qxe5 23.exd5 Qxd5 24.Qxd5
Bxd5 25.b3 g6 26.f3 Rxe1+ 27.Rxe1 c4 28.Ne4 Kg7 29.Nc5 a5 30.Kf2
cxb3 31.axb3 Rc8 32.b4 Bc4 33.Nb7 a4 34.Nd6 Rc6 35.Nxc4 Rxc4
36.Re5 Rxc3 37.Be4 h5 38.Rxb5 Rb3 39.Rb8 h4 40.Ra8 a3 41.b5 Rxb5
42.Rxa3 Rb2+ 43.Kg1 Nh5 44.Bd3 Nf4 45.Bf1 Kh6 46.Ra5 Rd2 47.Rb5
Nd5 48.Rb3 Nf4 49.Rb5 f6 50.Ra5 Rb2 51.Rc5 Rb1 52.Rc2 Kg5 53.Kf2
f5 54.Ra2 Rc1 55.Rd2 Nh5 56.Bd3 Ng3 57.Rc2 Rd1 58.Bb5 Rb1 59.Bd3
Ra1 60.Rb2 Ra3 61.Rd2 Kf4 62.Be2 Nh1+ 63.Kg1 Ng3 64.Kf2 g5 65.Bd1
Ra1 66.Rd4+ Ke5 0-1

[Event "Moscow Open 2009 A"]
[Site ""]
[Date "2009.02.04"]
[Round "5.29"]
[White "Yemelin, Vasily"]
[Black "Gagarin, Vasilij"]
[Result "1/2-1/2"]
[WhiteElo "2578"]
[BlackElo "2392"]
[Annotator ""]
[Source ""]
[Remark ""]

1.e4 e5 2.Nf3 Nc6 3.Bb5 a6 4.Ba4 Nf6 5.O-O Be7 6.d3 b5 7.Bb3
d6 8.c3 O-O 9.Re1 Na5 10.Bc2 c5 11.Nbd2 Nc6 12.Nf1 Re8 13.h3
h6 14.Ne3 Bf8 15.a4 b4 16.Bd2 Rb8 17.Nh2 Be6 18.Nhg4 Nxg4 19.hxg4
Be7 20.Qe2 Bg5 21.g3 bxc3 22.bxc3 Na5 23.Reb1 Bb3 24.Nf5 g6 25.Bxg5
hxg5 26.Ne3 Be6 27.Qd2 Nc6 28.Rxb8 Qxb8 29.Rb1 Qc7 30.Rb3 Rb8 1/2-1/2

[Event "Moscow Open 2009 A"]
[Site ""]
[Date "2009.02.04"]
[Round "5.30"]
[White "Gubajdullin, Alexei"]
[Black "Vuckovic, Bojan"]
[Result "0-1"]
[WhiteElo "2454"]
[BlackElo "2576"]
[Annotator ""]
[Source ""]
[Remark ""]

1.c4 Nf6 2.Nf3 c5 3.d4 cxd4 4.Nxd4 e5 5.Nb5 d5 6.cxd5 Bc5 7.N5c3
O-O 8.e3 e4 9.Nd2 Qe7 10.a3 Rd8 11.b4 Bb6 12.Qb3 Bf5 13.h3 Nbd7
14.g4 Bg6 15.Bb2 Ne5 16.Ncxe4 0-1

[Event "Moscow Open 2009 A"]
[Site ""]
[Date "2009.02.04"]
[Round "5.31"]
[White "Zubov, Alexander"]
[Black "Matinian, Nikita"]
[Result "1-0"]
[WhiteElo "2574"]
[BlackElo "2361"]
[Annotator ""]
[Source ""]
[Remark ""]

1.e4 e5 2.Nf3 Nc6 3.Bb5 a6 4.Ba4 Nf6 5.O-O Be7 6.Re1 b5 7.Bb3
d6 8.c3 O-O 9.h3 Bb7 10.d4 Re8 11.Nbd2 h6 12.Nf1 Bf8 13.Ng3 Qd7
14.a4 exd4 15.cxd4 Nb4 16.d5 c6 17.dxc6 Bxc6 18.Nd4 Nxe4 19.Nxc6
Nxf2 20.Kxf2 Rxe1 21.Kxe1 Qxc6 22.Kf2 Re8 23.Kg1 a5 24.Bd2 Nd3
25.Qf3 Ne5 26.Qf4 1-0

[Event "Moscow Open 2009 A"]
[Site ""]
[Date "2009.02.04"]
[Round "5.32"]
[White "Guseinov, Gadir"]
[Black "Demidov, Mikhail"]
[Result "1-0"]
[WhiteElo "2661"]
[BlackElo "2288"]
[Annotator ""]
[Source ""]
[Remark ""]

1.e4 e6 2.d3 c5 3.g3 Nc6 4.Bg2 g6 5.c3 Bg7 6.Qe2 Nge7 7.Nd2 d6
8.f4 Rb8 9.a4 a6 10.Ngf3 b5 11.axb5 axb5 12.O-O O-O 13.e5 d5
14.Qf2 Qb6 15.Nb3 c4 16.Be3 Qc7 17.Nc5 Nf5 18.Bd2 d4 19.cxd4
Rd8 20.Ne4 Nfxd4 21.Nxd4 Rxd4 22.dxc4 Rxc4 23.Nd6 Rc2 24.Rfc1
Rxc1+ 25.Rxc1 Bd7 26.Qc5 Qb6 27.Bxc6 Bxc6 28.Qxb6 Rxb6 29.Nc8 1-0

[Event "Moscow Open 2009 A"]
[Site ""]
[Date "2009.02.04"]
[Round "5.33"]
[White "Gochelashvili, David"]
[Black "Grachev, Boris"]
[Result "1/2-1/2"]
[WhiteElo "2447"]
[BlackElo "2655"]
[Annotator ""]
[Source ""]
[Remark ""]

1.d4 d5 2.Nf3 e6 3.Bf4 c5 4.c3 Nc6 5.e3 Bd6 6.Bxd6 Qxd6 7.Bb5
Nge7 8.Nbd2 O-O 9.O-O a6 10.dxc5 Qxc5 11.Bd3 h6 12.c4 dxc4 13.Bxc4
b5 14.Be2 Rd8 15.a4 Bb7 16.axb5 axb5 17.Qb3 b4 18.Rac1 Qf5 19.Rfd1
e5 20.Nc4 e4 21.Nd6 Rxd6 22.Rxd6 exf3 23.Bxf3 Ra5 24.Qd3 Rc5
25.Rxc5 Qxc5 26.h3 Bc8 27.Be4 g6 28.Bxc6 Nxc6 29.Qd5 Qxd5 30.Rxd5
Be6 31.Rd6 Ne5 32.f4 Nc4 33.Rd8+ Kg7 34.Rb8 Nxb2 35.Rxb4 Nc4
36.e4 Nd6 37.g4 Ne8 38.Kf2 Nf6 39.f5 gxf5 40.gxf5 Nxe4+ 1/2-1/2

[Event "Moscow Open 2009 A"]
[Site ""]
[Date "2009.02.04"]
[Round "5.34"]
[White "Sergienko, Sergey"]
[Black "Amonatov, Farrukh"]
[Result "0-1"]
[WhiteElo "2434"]
[BlackElo "2647"]
[Annotator ""]
[Source ""]
[Remark ""]

1.e4 c5 2.Nf3 d6 3.c3 Nf6 4.h3 g6 5.Bd3 Bg7 6.O-O O-O 7.Bc2 Nc6
8.d4 cxd4 9.cxd4 e5 10.d5 Ne7 11.Nc3 Nh5 12.Be3 h6 13.Nd2 f5
14.exf5 Nxf5 15.g4 Qh4 16.gxf5 gxf5 17.Qf3 f4 18.Bxa7 Rxa7 19.Kh2
e4 20.Bxe4 Ng3 21.Qg2 Nxf1+ 22.Rxf1 f3 23.Nxf3 Qf4+ 24.Kh1 Kh8
25.Rg1 b6 26.Ne1 Qxf2 27.Qg6 Bf5 28.Bxf5 Qxf5 29.Qg3 Bd4 0-1

[Event "Moscow Open 2009 A"]
[Site ""]
[Date "2009.02.04"]
[Round "5.35"]
[White "Bocharov, Dmitry"]
[Black "Konovalov, Nikolay"]
[Result "1-0"]
[WhiteElo "2647"]
[BlackElo "2430"]
[Annotator ""]
[Source ""]
[Remark ""]

1.c4 e5 2.Nc3 Bb4 3.Nd5 a5 4.a3 Be7 5.Nf3 d6 6.d4 e4 7.Ng1 f5
8.Nh3 c6 9.Nxe7 Qxe7 10.e3 Nf6 11.Nf4 Nbd7 12.h4 Nf8 13.d5 Ng6
14.h5 Nxf4 15.exf4 O-O 16.h6 gxh6 17.Rxh6 cxd5 18.cxd5 Bd7 19.Be2
Qf7 20.Be3 Kg7 21.Rh3 1-0

[Event "Moscow Open 2009 A"]
[Site ""]
[Date "2009.02.04"]
[Round "5.36"]
[White "Kobalia, Mikhail"]
[Black "Vorotnikov, Vladislav V"]
[Result "1-0"]
[WhiteElo "2634"]
[BlackElo "2421"]
[Annotator ""]
[Source ""]
[Remark ""]

1.e4 e5 2.Nf3 Nc6 3.d4 exd4 4.Nxd4 Qh4 5.Nb5 Bc5 6.Qe2 Nd4 7.Nxd4
Bxd4 8.Nd2 Qe7 9.c3 Bb6 10.Nc4 d6 11.a4 c6 12.Bf4 Bc7 13.O-O-O
Nf6 14.Bxd6 Bxd6 15.Nxd6+ Kf8 16.Qe3 Be6 17.Be2 h5 18.Rd2 Rh6
19.f4 b6 20.c4 Ne8 21.e5 Bg4 22.Ne4 Qb4 23.Bxg4 hxg4 24.Qa3 Qxa3
25.bxa3 Ke7 26.Ng3 Ke6 27.Ne2 Kf5 28.Rd4 g6 29.Nc3 Ke6 30.Ne4
c5 31.Ng5+ Ke7 32.Rd5 1-0

[Event "Moscow Open 2009 A"]
[Site ""]
[Date "2009.02.04"]
[Round "5.38"]
[White "Fedorov, Alexei"]
[Black "Potapov, Pavel"]
[Result "1-0"]
[WhiteElo "2619"]
[BlackElo "2414"]
[Annotator ""]
[Source ""]
[Remark ""]

1.e4 c5 2.Nf3 Nc6 3.d4 cxd4 4.Nxd4 e5 5.Nb5 d6 6.N1c3 a6 7.Na3
Be7 8.Nc4 b5 9.Ne3 Nf6 10.g3 O-O 11.Bg2 b4 12.Ncd5 Nxd5 13.Nxd5
Bg5 14.Bxg5 Qxg5 15.O-O Be6 16.a3 bxa3 17.Rxa3 a5 18.Nc7 Rad8
19.Nxe6 fxe6 20.Rd3 Qe7 21.c3 Rd7 22.Qa4 Rc7 23.Qa3 Rd8 24.Rfd1
Rcd7 25.Bh3 g6 26.Qa4 Rc7 27.Qa2 Kg7 28.Bxe6 Ra7 29.Bc4 Rc7 30.Qa3
Nd4 31.Bd5 Nb5 32.Qxa5 Rb8 33.Qa4 Ra7 34.Qc2 Nc7 35.b4 1-0

[Event "Moscow Open 2009 A"]
[Site ""]
[Date "2009.02.04"]
[Round "5.39"]
[White "Khairullin, Ildar"]
[Black "Chernobay, Artem"]
[Result "1-0"]
[WhiteElo "2574"]
[BlackElo "2414"]
[Annotator ""]
[Source ""]
[Remark ""]

1.d4 Nf6 2.c4 c5 3.d5 e6 4.Nc3 exd5 5.cxd5 d6 6.Nf3 g6 7.h3 Bg7
8.e4 O-O 9.Bd3 Re8 10.O-O b6 11.Re1 Ba6 12.Bf4 Bxd3 13.Qxd3 a6
14.Bxd6 Qxd6 15.e5 Qf8 16.exf6 Bxf6 17.Rxe8 Qxe8 18.Re1 Qd8 19.d6
Ra7 20.Nd5 Kg7 21.Nxf6 Qxf6 22.Re8 Nd7 23.Re7 Qxb2 24.g3 c4 25.Qxc4 1-0

[Event "Moscow Open 2009 A"]
[Site ""]
[Date "2009.02.04"]
[Round "5.40"]
[White "Kuporosov, Viktor"]
[Black "Grigoriants, Sergey"]
[Result "1/2-1/2"]
[WhiteElo "2422"]
[BlackElo "2565"]
[Annotator ""]
[Source ""]
[Remark ""]

1.Nf3 d5 2.d4 Nf6 3.Bf4 e6 4.e3 c5 5.c3 Nc6 6.Nbd2 Bd6 7.Bg3
Bxg3 8.hxg3 Qd6 9.Bd3 h6 10.dxc5 Qxc5 11.Qa4 Bd7 12.Qf4 Qe7 13.Ne5
Nxe5 14.Qxe5 Bc6 15.Nb3 Rc8 16.Nd4 Qc7 17.Nf3 Qxe5 18.Nxe5 Nd7
19.Nxd7 Kxd7 20.O-O-O Ke7 21.f3 f6 1/2-1/2

[Event "Moscow Open 2009 A"]
[Site ""]
[Date "2009.02.04"]
[Round "5.41"]
[White "Iljushin, Alexei"]
[Black "Shvedchikov, Anatoli I"]
[Result "1/2-1/2"]
[WhiteElo "2564"]
[BlackElo "2409"]
[Annotator ""]
[Source ""]
[Remark ""]

1.d4 d5 2.c4 c6 3.Nf3 Nf6 4.e3 g6 5.Nc3 Bg7 6.Bd3 O-O 7.O-O b6
8.Qe2 Bb7 9.e4 dxe4 10.Nxe4 Nbd7 11.Nxf6+ Nxf6 12.Bf4 Re8 13.Rad1
e6 14.Qc2 Qc8 15.Be5 c5 16.Qe2 Qc6 17.dxc5 bxc5 18.b3 Rad8 19.Bc2
Nh5 20.Rxd8 Rxd8 21.Rd1 Rxd1+ 22.Bxd1 Qd7 23.Bxg7 Kxg7 24.g3
Bxf3 25.Qxf3 Nf6 26.Bc2 Qd2 27.Qd3 Qc1+ 28.Kg2 1/2-1/2

[Event "Moscow Open 2009 A"]
[Site ""]
[Date "2009.02.04"]
[Round "5.42"]
[White "Efanov, Nikolai"]
[Black "Yudin, Sergei"]
[Result "0-1"]
[WhiteElo "2411"]
[BlackElo "2562"]
[Annotator ""]
[Source ""]
[Remark ""]

1.e4 d6 2.d4 Nf6 3.Nc3 c6 4.f4 Qa5 5.Bd3 e5 6.Nf3 exd4 7.Nxd4
g6 8.Nb3 Qc7 9.O-O Bg7 10.a4 Nbd7 11.a5 Rb8 12.g4 h6 13.Be2 O-O
14.Qd3 Re8 15.Rd1 Bf8 16.h3 b5 17.axb6 axb6 18.Bf3 b5 19.Be3
b4 20.Ne2 g5 21.Bg2 d5 22.exd5 Nxd5 23.Bxd5 cxd5 24.Rf1 Qc4 25.Kf2
Nf6 26.Nd2 Qxd3 27.cxd3 Bxg4 0-1

[Event "Moscow Open 2009 A"]
[Site ""]
[Date "2009.02.04"]
[Round "5.43"]
[White "Yuferov, Sergey N"]
[Black "Zherebukh, Yaroslav"]
[Result "0-1"]
[WhiteElo "2392"]
[BlackElo "2558"]
[Annotator ""]
[Source ""]
[Remark ""]

1.d4 Nf6 2.c4 e6 3.Nc3 Bb4 4.e3 O-O 5.Bd3 d5 6.a3 Bxc3+ 7.bxc3
b6 8.Nf3 Ba6 9.cxd5 Bxd3 10.Qxd3 exd5 11.c4 Nc6 12.Bd2 Ne4 13.Rc1
Rc8 14.O-O Ne7 15.Rfd1 Ng6 16.Be1 Re8 17.a4 c6 18.cxd5 Qxd5 19.a5
Nd6 20.axb6 axb6 21.Qa6 Nf5 22.Qc4 Qd7 23.Rb1 Rb8 24.d5 c5 25.Qg4
Qc8 26.e4 Nd6 27.Qxc8 Rexc8 28.e5 Nc4 29.Bc3 b5 30.Rbc1 b4 31.Ba1
Nb6 32.Rb1 Na4 33.d6 b3 34.Bb2 c4 35.d7 Rd8 36.Bc1 Nc3 0-1

[Event "Moscow Open 2009 A"]
[Site ""]
[Date "2009.02.04"]
[Round "5.45"]
[White "Zhumabayev, Rinat"]
[Black "Reprintsev, Alexander"]
[Result "1-0"]
[WhiteElo "2522"]
[BlackElo "2400"]
[Annotator ""]
[Source ""]
[Remark ""]

1.d4 d5 2.Nf3 Bf5 3.c4 e6 4.Nc3 c6 5.Qb3 Qb6 6.c5 Qxb3 7.axb3
h6 8.Bf4 Nd7 9.h4 a6 10.e3 Ngf6 11.b4 Rc8 12.Nd2 Be7 13.Be2 Bd8
14.f3 Bh7 15.g4 h5 16.g5 Ng8 17.Nb3 f6 18.e4 Ne7 19.Bd6 Bg6 20.Kd2
e5 21.dxe5 dxe4 22.exf6 e3+ 23.Kxe3 Nf5+ 24.Kf2 gxf6 25.Ne4 Bf7
26.Na5 Bxa5 27.bxa5 Bd5 28.Ra4 Kf7 29.Bc4 Kg6 30.Bd3 Kf7 31.Nxf6
Nxd6 32.Nxd7 Nb5 33.Re1 1-0

[Event "Moscow Open 2009 A"]
[Site ""]
[Date "2009.02.04"]
[Round "5.46"]
[White "Vasiukov, Evgeni"]
[Black "Orlinkov, Maxim L"]
[Result "0-1"]
[WhiteElo "2515"]
[BlackElo "2385"]
[Annotator ""]
[Source ""]
[Remark ""]

1.e4 g6 2.d4 Bg7 3.Nc3 d6 4.Be3 a6 5.a4 b6 6.g4 c5 7.d5 Ra7 8.Ra3
Nf6 9.h3 O-O 10.Nge2 e6 11.Bg2 exd5 12.exd5 Re8 13.Qd2 Rae7 14.O-O
Rxe3 15.fxe3 Bh6 16.Nf4 Qe7 17.Nd1 Nbd7 18.Qf2 Bg5 19.Nd3 h5
20.gxh5 Nxh5 21.c4 Bh4 22.Qc2 Ndf6 23.b4 Bf5 24.bxc5 bxc5 25.Qb2
Ne4 26.Rb3 Bf6 27.Qa2 Qd7 28.Nf4 Nhg3 29.Rf3 Be5 30.Nf2 Qe7 31.N2d3
Bg7 32.Ne2 Qg5 33.Nxg3 Nxg3 34.Qf2 Ne4 35.Qe1 Qe7 36.a5 Bf6 37.Nf4
Bh4 38.Qe2 g5 39.Nd3 Bg6 40.Qb2 g4 0-1

[Event "Moscow Open 2009 A"]
[Site ""]
[Date "2009.02.04"]
[Round "5.47"]
[White "Kargin, Arseny"]
[Black "Pridorozhni, Aleksei"]
[Result "0-1"]
[WhiteElo "2389"]
[BlackElo "2515"]
[Annotator ""]
[Source ""]
[Remark ""]

1.e4 d6 2.d4 Nf6 3.f3 e5 4.d5 Be7 5.Be3 Nfd7 6.c4 Bg5 7.Bf2 a5
8.Bd3 Nc5 9.Bc2 O-O 10.Nc3 b6 11.Nge2 f5 12.exf5 Bxf5 13.Ng3
Bxc2 14.Qxc2 Nbd7 15.b3 Bf4 16.O-O Qg5 17.Nb5 Rac8 18.a3 Bxg3
19.hxg3 e4 20.Nd4 Qg6 21.Rae1 Rce8 22.Re3 Re5 23.Nc6 Ree8 24.Nd4
Nf6 25.b4 axb4 26.axb4 Nd3 27.Ne6 Rf7 28.Qc3 Ne5 29.Rfe1 b5 30.Nf4
Qh6 31.Rxe4 Nxe4 32.Rxe4 bxc4 33.Bd4 Rfe7 34.Be3 Qf6 35.Bd4 0-1

[Event "Moscow Open 2009 A"]
[Site ""]
[Date "2009.02.04"]
[Round "5.48"]
[White "Tregubov, Andrei"]
[Black "Kharlov, Andrei"]
[Result "1/2-1/2"]
[WhiteElo "2374"]
[BlackElo "2511"]
[Annotator ""]
[Source ""]
[Remark ""]

1.b4 e5 2.Bb2 Bxb4 3.Bxe5 Nf6 4.c4 O-O 5.Nf3 Re8 6.e3 Nc6 7.Bb2
d5 8.cxd5 Nxd5 9.Be2 Re6 10.O-O Rh6 11.Nc3 Bg4 12.Qb3 Nxc3 13.Bxc3
Bxc3 14.Qxc3 Qd6 15.Rfb1 Bxf3 16.Bxf3 Qxh2+ 17.Kf1 Nd8 18.g3
Qh3+ 19.Bg2 Qd7 20.a4 c6 21.a5 a6 22.d4 Rh5 23.e4 Rb5 24.Rd1
Ne6 25.d5 cxd5 26.exd5 Nc5 27.Rab1 Rd8 1/2-1/2